Shree 420 Part 1 / (Record no. 43347)

MARC details
000 -LEADER
fixed length control field 01035njm a22002537a 4500
005 - DATE AND TIME OF LATEST TRANSACTION
control field 20100901134316.0
007 - PHYSICAL DESCRIPTION FIXED FIELD--GENERAL INFORMATION
fixed length control field sd ammalaaahaa
008 - FIXED-LENGTH DATA ELEMENTS--GENERAL INFORMATION
fixed length control field 100901t xxu||||| |||| 00| 0 hin d
028 ## - PUBLISHER NUMBER
Publisher number GE. 23925
Source Columbia
028 ## - PUBLISHER NUMBER
Publisher number CEI. 61543
Source Columbia
028 ## - PUBLISHER NUMBER
Publisher number CEI. 61544
Source Columbia
040 ## - CATALOGING SOURCE
Original cataloging agency SED/VEN
100 ## - MAIN ENTRY--PERSONAL NAME
Personal name Shipley, Van
9 (RLIN) 17866
245 ## - TITLE STATEMENT
Title Shree 420 Part 1 /
Statement of responsibility, etc by Van Shipley
Medium [sound recording] :
246 ## - VARYING FORM OF TITLE
Title proper/short title श्री ४२० पार्ट १
260 ## - PUBLICATION, DISTRIBUTION, ETC. (IMPRINT)
Place of publication, distribution, etc Dum Dum, India
Name of publisher, distributor, etc Columbia
300 ## - PHYSICAL DESCRIPTION
Extent 1 sound Disc :
Other physical details analog, 33 1/3 rpm
Dimensions 10 in
500 ## - GENERAL NOTE
General note Brief record
505 ## - FORMATTED CONTENTS NOTE
Formatted contents note Electric gitar tarj-mud mud ke na dekh, jeevan ke safar mein rahi (इलेक्ट्रिक गिटार तर्ज-मुद मुद के न देख , जीवन के सफ़र में राही
650 ## - SUBJECT ADDED ENTRY--TOPICAL TERM
Topical term or geographic name as entry element Classical music
General subdivision Excerpts
Geographic subdivision India
9 (RLIN) 17867
700 ## - ADDED ENTRY--PERSONAL NAME
Personal name Alladia Khan
9 (RLIN) 17868
942 ## - ADDED ENTRY ELEMENTS (KOHA)
Source of classification or shelving scheme Dewey Decimal Classification
Item type Gramaphone Records
Holdings
Withdrawn status Lost status Source of classification or shelving scheme Damaged status Not for loan Home library Current library Date acquired Source of acquisition Total Checkouts Barcode Date last seen Copy number Price effective from Koha item type
    Dewey Decimal Classification   Not For Loan Central Library Central Library 01/09/2010 SED/VEN   GR-159 01/09/2010 1 01/09/2010 Gramaphone Records

© Delhi Public Library
Hit Counter
free hit counter